000 00676nam a22002417a 4500
003 UA-OsUOA
001 124591
007 ta
008 20170815b un ||||| |||| 00| 0 ukr d
100 _aПирожко С.
090 _a821.161.2
_bП33
942 _cBK
040 _aUA-OsUOA
_bukr
_cUA-OsUOA
_dUA-OsUOA
245 _aСакартвело, любове моя!
_bгрузинські замальовки
300 _a109 с.
955 _a3
041 _aukr
080 _a821.161.2
020 _a978-966-2276-93-0
260 _aЛуцьк
_bТерен
_c2013
650 7 _a82 Література. Літературознавство
_2UDC
999 _c411719
_d411719